书目信息 |
| 题名: |
花卉与都市环境
|
|
| 作者: | 吴涤新 编著 | |
| 分册: | ||
| 出版信息: | 北京 中国农业出版社 2000 |
|
| 页数: | 192页 | |
| 开本: | 26cm | |
| 丛书名: | ||
| 单 册: | ||
| 中图分类: | S731.2 | |
| 科图分类: | ||
| 主题词: | 城市--绿化 , 花卉--基本知识 | |
| 电子资源: | ||
| ISBN: | 7-109-05801-8 | |
| 000 | 00768nam0 2200241 45 | |
| 001 | 012001005602 | |
| 005 | 20051009170338.18 | |
| 010 | @a7-109-05801-8@dCNY70.00 | |
| 092 | @aCN | |
| 100 | @a20010202d2000 em y0chiy0121 ea | |
| 101 | 0 | @achi |
| 102 | @aCN@b110000 | |
| 105 | @aa z 000yy | |
| 200 | 1 | @a花卉与都市环境@Ahua hui yu du shi huan jing@f吴涤新编著@FWu Di Xin Bian Zhu |
| 210 | @a北京@c中国农业出版社@d2000 | |
| 215 | @a192页@c图,彩照(62页)@d26cm | |
| 330 | @a本书阐述花卉和绿色植物对回归自然、改善环境和休闲健身的时代意义,再以国家为单元分述自然保护,花卉产业状况,以及特产花木、国花等。 | |
| 606 | 0 | @a城市@x绿化 |
| 606 | 0 | @a花卉@x基本知识 |
| 690 | @aS731.2@v4 | |
| 701 | 0 | @a吴涤新@4编著 |
| 801 | 0 | @aCN@bNLC@c20051009 |
| 905 | @dS731.2@e17 | |
| 花卉与都市环境/吴涤新编著.-北京:中国农业出版社,2000 |
| 192页:图,彩照(62页);26cm |
| ISBN 7-109-05801-8:CNY70.00 |
| 本书阐述花卉和绿色植物对回归自然、改善环境和休闲健身的时代意义,再以国家为单元分述自然保护,花卉产业状况,以及特产花木、国花等。 |
| ● |
| 相关链接 |
|
|
|
|
正题名:花卉与都市环境
索取号:S731.2/17
 
预约/预借
| 序号 | 登录号 | 条形码 | 馆藏地/架位号 | 状态 | 备注 |
| 1 | 0345550 | 203455509 | 第二样本阅览室/ [索取号:S731.2/17] | 在馆 | |
| 2 | 0345551 | 203455518 | 第三借阅区/ [索取号:S731.2/17] | 在馆 | |
| 3 | 0345552 | 203455527 | 第三借阅区/ [索取号:S731.2/17] | 在馆 | |
| 4 | 0345553 | 203455536 | 第三借阅区/ [索取号:S731.2/17] | 在馆 | |
| 5 | 0345554 | 203455545 | 第三借阅区/ [索取号:S731.2/17] | 在馆 | |
| 6 | 0365496 | 3654968 | 第三借阅区/ [索取号:S731.2/17] | 在馆 | |
| 7 | 0365497 | 3654977 | 第三借阅区/ [索取号:S731.2/17] | 在馆 | |
| 8 | 0365498 | 3654986 | 第三借阅区/ [索取号:S731.2/17] | 在馆 | |
| 9 | 0365499 | 3654995 | 第三借阅区/ [索取号:S731.2/17] | 在馆 | |
| 10 | 0365500 | 3655002 | 第三借阅区/ [索取号:S731.2/17] | 在馆 |